The Complete Guide Providing Telephone Triage and Advice in a Family Practice : (Record no. 598561)

MARC details
000 -LEADER
fixed length control field 00522nam a2200181 a 4500
008 - FIXED-LENGTH DATA ELEMENTS--GENERAL INFORMATION
fixed length control field 251124s2004##################000#0#eng##
020 ## - INTERNATIONAL STANDARD BOOK NUMBER
ISBN 9781581101164
082 04 - DEWEY DECIMAL CLASSIFICATION NUMBER
Classification number 616.025
Item number POO
100 1# - MAIN ENTRY--AUTHOR NAME
Personal name Poole, Steven R.,
245 10 - TITLE STATEMENT
Title The Complete Guide Providing Telephone Triage and Advice in a Family Practice :
260 ## - PUBLICATION, DISTRIBUTION, ETC. (IMPRINT)
Year of publication 2004.
650 #0 - SUBJECT ADDED ENTRY--TOPICAL TERM
Topical Term Communication in medicine.
942 ## - ADDED ENTRY ELEMENTS (KOHA)
Koha item type English Books
Holdings
Withdrawn status Lost status Damaged status Not for loan Home library Current library Shelving location Date acquired Full call number Accession Number Price effective from Koha item type
        Anna Centenary Library Anna Centenary Library 5TH FLOOR, B WING 24.11.2025 616.025 POO 186973 24.11.2025 English Books

Find us on the map